Sports Quiz

Random Sports or WWE Quiz

Every WWE Pay-Per-View Special Referee Quiz Stats

 Plays Quiz not verified by Sporcle

Score 0/56 Timer 12:00
0 Plays Today
Pay Per View Name % Correct
SummerSlam 2013Triple H
76.7%
WrestleMania XXVIIIShawn Michaels
75.3%
SummerSlam 2013Triple H
74%
WrestleMania XXVIISteve Austin
70.7%
WrestleMania XXSteve Austin
69.9%
Hell in a Cell 2013Shawn Michaels
69.9%
WrestleMania 13Ken Shamrock
64.4%
WrestleMania 23Steve Austin
63%
SummerSlam 2011Triple H
63%
In Your House: Over the EdgeVince McMahon
61.6%
Vengeance 2001Lita
61.6%
Survivor Series 2010John Cena
61.6%
Backlash 1999Shane McMahon
60.3%
Over the Edge 1999Shane McMahon
60.3%
SummerSlam 1997Shawn Michaels
58.9%
Backlash 2000Shane McMahon
58.9%
WrestleMania X7Mick Foley
58.9%
WrestleMania XRoddy Piper
57.5%
In Your House: Judgment DaySteve Austin
57.5%
WrestleMania XXVIBruce Hart
57.5%
WrestleMania XMr Perfect
55.1%
SummerSlam 1999Jesse Ventura
52.1%
No Way Out 2002Stephanie McMahon-Helmsley
52.1%
New Year Revolution 2005Shawn Michaels
52.1%
Money in the Bank 2012AJ
52.1%
In Your House: Fully LoadedDan Severn
51%
Bad Blood 2003Mick Foley
50.7%
Judgment Day 2000Shawn Michaels
49.3%
Pay Per View Name % Correct
Cyber Sunday 2008Steve Austin
49.3%
Royal Rumble 1998Sunny
46.6%
Unforgiven 1999Steve Austin
45.2%
InvasionMick Foley
45.2%
King of the Ring 1998Jerry Lawler
42.9%
WrestleMania XIRoddy Piper
42.5%
Backlash 2002Ric Flair
42.5%
SummerSlam 1988Jesse Ventura
41.1%
WrestleMania VBig John Studd
39.7%
SummerSlam 1991Sid Justice
39.7%
Cyber Sunday 2006Eric Bischoff
39.7%
Insurrextion 2002Ric Flair
38.4%
Armageddon 2003Mick Foley
38.4%
Unforgiven 2000Mick Foley
32.9%
Backlash 2003Chief Morley
32.9%
In Your House 5: Season's BeatingsHillbilly Jim
31.5%
In Your House: St Valentine's Day MassacreVal Venis
30.1%
SummerSlam 1990The Big Bossman
27.4%
Fully Loaded 1999Hardcore Holly
24.7%
Armageddon 2004Charlie Haas
24.7%
WrestleMania IIEd Jones
17.8%
WrestleMania XILarry Young
17.8%
Capital CarnageGerald Brisco
12.3%
WrestleMania IIDick Butkus
11%
The Great American Bash 20005Candice Michelle
11%
WrestleMania XVVinnie Pazienza
9.6%
WrestleMania IIRobert Conrad
8.2%
Insurrextion 2003Val Venis
5.5%

You're not logged in!

Compare scores with friends on all Sporcle quizzes.
OR
Log In

Show Comments

Extras

Created Mar 17, 2014ReportNominate
Tags:WWE Quiz

Top Quizzes Today


Score Distribution

Your Account Isn't Verified!

In order to create a playlist on Sporcle, you need to verify the email address you used during registration. Go to your Sporcle Settings to finish the process.

Report this User

Report this user for behavior that violates our Community Guidelines.

Details: